| 000 | 00926nam a22002777a 4500 | ||
|---|---|---|---|
| 001 | 7700 | ||
| 003 | FISKH | ||
| 005 | 20250731133335.0 | ||
| 008 | 250731b cb ||||| |||| 00| 0 eng d | ||
| 020 | _a9781846431227 | ||
| 040 |
_aFISKH _beng _cFISKH _dFISKH |
||
| 050 | _aPZ8.3 .I445 | ||
| 082 | _a398.8 | ||
| 100 | _aKubler, Annie | ||
| 245 |
_aI'm a little teapot ! _cIllustrated by Annie Kubler |
||
| 250 | _aThis edition published in 2007 | ||
| 260 |
_aSwindon : _bChild's Play, _c1939 |
||
| 300 |
_a10 unnumbered pages : _bcolor illustrations ; _c21 cm |
||
| 505 | _aD | ||
| 520 | _aPresents the lyrics to the nursery rhyme along with illustrations featuring children acting out the motions indicated by the song. On board pages. | ||
| 521 | 8 |
_a160
_bLexile estimate |
|
| 521 | 8 |
_aD
_bRaz-Plus |
|
| 650 |
_aChildren's Books _vBoard Book _xNursery Rhymes |
||
| 942 |
_2ddc _cBK _n0 |
||
| 999 |
_c7700 _d7700 |
||